| 000 | 01125nam a2200205 4500 | ||
|---|---|---|---|
| 005 | 20250830150133.0 | ||
| 008 | 250830b |||||||| |||| 00| 0 eng d | ||
| 037 | _cTextual | ||
| 040 |
_aRTL _cRTL |
||
| 084 |
_aY:3(NR), Q2 _qRTL |
||
| 100 |
_aHaidt, Jonathan _9338872 |
||
| 245 | _aRighteous mind: why good people are divided by politics and religion | ||
| 260 |
_aNew York _bPenguin Books _c2012 |
||
| 300 |
_axviii, 500 p. _bIncludes bibliographical references and index |
||
| 520 | _aJonathan Haidt reveals that we often find it hard to get along because our minds are hardwired to be moralistic, judgemental and self-righteous. He explores how morality evolved to enable us to form communities, and how moral values are not just about justice and equality - for some people authority, sanctity or loyalty matter more. Morality binds and blinds, but, using his own research, Haidt proves it is possible to liberate ourselves from the disputes that divide good people. | ||
| 650 | _aEthics | ||
| 650 | _aSocial psychology | ||
| 650 |
_aPsychology, Religious _9819506 |
||
| 942 |
_2CC _n0 _cTEXL _hY:3(NR), Q2 |
||
| 999 |
_c1435024 _d1435024 |
||